000 00457ntaaa2200181 4500
003 01
005 20251027203201.0
008 0714s1973 ag 01
040 _aAR-BaBN
_bspa
_cAR-BaBN
_eaacr
_dRIC
082 _a227.94 T41j
100 _aThüsing, Wilhelm
_94453
245 _aLas cartas de San Juan
250 _a1 ed.
260 _aBarcelona :
_bHerder,
_c1973
300 _a232 p
650 _aBiblia-Nuevo Testamento-Juan-Epistolas
_9887
942 _cBK
999 _c27318
_d27318